000
00289nam a2200121Ia 4500
008
190216s9999||||xx |||||||||||||| ||und||
100
_a
Hussain S I&Amp; Khan T A
245
0
_a
Nematode Diseases Of Plants
260
_b
Falcon Book
_c
1988
300
_a
306p
650
_a
Botany
942
_c
BK
999
_c
1403
_d
1403